MATLAB para ingenieros / Holly Moore, Campos Olguín Víctor (Registro nro. 27432)
[ vista simple ]
| 000 -LÍDER | |
|---|---|
| fixed length control field | 00469nam a2200145 4500 |
| 020 ## - NÚMERO INTERNACIONAL NORMALIZADO PARA LIBROS | |
| ISBN | 978-970-26-1082-3 |
| 050 ## - SIGNATURA TOPOGRAFICA DE LA BIBLIOTECA DEL CONGRESO (LC) | |
| Número de Clasificación | TA345 M66 2007 |
| 082 ## - NUMERO DE CLASIFICACION DECIMAL DEWEY | |
| Número de Clasificación | 620.001.51 M821m 2007 |
| 100 ## - ASIENTO PRINCIPAL--NOMBRE PERSONAL | |
| Nombre personal | Moore, Holly |
| 245 ## - TÍTULO | |
| Título | MATLAB para ingenieros / Holly Moore, Campos Olguín Víctor |
| 250 ## - MENCIÓN DE EDICIÓN | |
| Mención de edición | México: Pearson |
| 260 ## - PUBLICACIÓN, DISTRIBUCIÓN, ETC. (PIE DE IMPRENTA) | |
| Lugar de publicación, distribución, etc. | xiii, 608 p. / 26 cm. |
| 300 ## - DESCRIPCIÓN FÍSICA | |
| Extensión | 1. MATEMÁTICAS PARA INGENIEROS / 2. MATLAB (ARCHIVO DE COMPUTADORA) |
| 650 ## - ASIENTO SECUNDARIO DE MATERIA - TERMINO TEMÁTICO | |
| Término temático o nombre geográfico como elemento de entrada | I. Campos, Olguín, Víctor, Tr. |
| No. biblioteca | No. biblioteca | Número de clasificación | Código de barras/Número de adquisición | Número de copia | Tipo de material |
|---|---|---|---|---|---|
| ÁREA DE SISTEMAS COMPUTACIONALES | LUIS G. INCLAN | 620.001.51 M821m 2007 | 52164 | 4 | Libros |
| ÁREA DE SISTEMAS COMPUTACIONALES | LUIS G. INCLAN | 620.001.51 M821m 2007 | 52703 | 6 | Libros |
| ÁREA DE SISTEMAS COMPUTACIONALES | ÁREA DE SISTEMAS COMPUTACIONALES | 620.001.51 M821m 2007 | 52161 | 1 | Libros |
| ÁREA DE SISTEMAS COMPUTACIONALES | ÁREA DE SISTEMAS COMPUTACIONALES | 620.001.51 M821m 2007 | 52162 | 2 | Libros |
| ÁREA DE SISTEMAS COMPUTACIONALES | ÁREA DE SISTEMAS COMPUTACIONALES | 620.001.51 M821m 2007 | 52163 | 3 | Libros |
| ÁREA DE SISTEMAS COMPUTACIONALES | ÁREA DE SISTEMAS COMPUTACIONALES | 620.001.51 M821m 2007 | 52165 | 5 | Libros |
